| 000 | 00612nam a22002417a 4500 | ||
|---|---|---|---|
| 008 | 150311b xxu||||| |||| 00| 0 eng d | ||
| 020 | _a978-81-7554-422-2 | ||
| 082 | _a658.456/B241h | ||
| 100 | _aBarker, Alan | ||
| 245 | _aHow to hold better meetings. | ||
| 260 |
_aNew Delhi: _bKogan Page India, _c2009. |
||
| 300 | _a144p. | ||
| 504 | _aIncludes bibliography | ||
| 650 | _aManagement | ||
| 650 | _aMeeting | ||
| 650 | _aTeam work | ||
| 650 | _aConversation | ||
| 650 | _aProblem solving | ||
| 650 | _aWriting systems | ||
| 650 | _aMinute | ||
| 650 | _aSkills development | ||
| 942 |
_2ddc _cGEN |
||
| 999 |
_c75072 _d75061 |
||